Quelle est (était) la taille de ces personnalités 7 - Statistiques

Statistiques générales
  • Ce quiz a été pris 9 fois
  • Le résultat moyen est 3 sur 20
Statistiques - réponses
Hint Réponse % Correct
Sim 1,60 m
33%
Claudia Schiffer 1,80 m
33%
Adriana Karembeu 1,85 m
33%
Clint Eastwood 1,88 m
33%
Valérie Damidot 1,57 m
22%
Anne Roumanoff 1,61 m
22%
Clémentine Célarié 1,75 m
22%
Yves Lecoq 1,85 m
22%
Burt Lancaster 1,85 m
22%
George Lucas 1,68 m
11%
Meryl Streep 1,68 m
11%
Charlotte Rampling 1,70 m
11%
Laurence Boccolini 1,75 m
11%
Fabrice Luchini 1,80 m
11%
Bruno Cremer 1,83 m
11%
Jean-Paul Rouve 1,87 m
11%
Nicoletta 1,47 m
0%
Michel Boujenah 1.70 m
0%
Carole Bouquet 1,76 m
0%
Vincent Niclo 1,78 m
0%
Aucun quiz correspondant
Distribution des résultats
% des personnes avec chaque résultat
Percentile par nombre de réponses
Votre historique - résultats
Vous n’avez pas pris ce quiz